Control system engineering / (Record no. 276)

000 -LEADER
fixed length control field 00464 a2200169 4500
008 - FIXED-LENGTH DATA ELEMENTS--GENERAL INFORMATION
fixed length control field 221214b ||||| |||| 00| 0 eng d
020 ## - INTERNATIONAL STANDARD BOOK NUMBER
International Standard Book Number 9789386070111
082 00 - DEWEY DECIMAL CLASSIFICATION NUMBER
Classification number 629.8
Item number N152
100 ## - MAIN ENTRY--PERSONAL NAME
Personal name Nagrath, I. J.
245 ## - TITLE STATEMENT
Title Control system engineering /
250 ## - EDITION STATEMENT
Edition statement 6th ed.
260 ## - PUBLICATION, DISTRIBUTION, ETC. (IMPRINT)
Place of publication, distribution, etc New Delhi:
Name of publisher, distributor, etc New Age International,
Date of publication, distribution, etc 2017.
300 ## - PHYSICAL DESCRIPTION
Extent xiii, 901 p.
650 #0 - SUBJECT ADDED ENTRY--TOPICAL TERM
Topical term or geographic name as entry element Control Theory
700 ## - ADDED ENTRY--PERSONAL NAME
9 (RLIN) 2260
Personal name Gopal, M.
942 ## - ADDED ENTRY ELEMENTS (KOHA)
Source of classification or shelving scheme
Item type Books
Holdings
Withdrawn status Lost status Source of classification or shelving scheme Damaged status Not for loan Permanent location Current location Date acquired Source of acquisition Cost, normal purchase price Total Checkouts Full call number Barcode Date last seen Date last borrowed Cost, replacement price Koha item type Total Renewals
          IMU Kolkata IMU Kolkata 2017-03-21 Sterling Book House 479.20 1 629.8 R1962 12135 2024-11-22 2023-11-21 599.00 Books  
          IMU Kolkata IMU Kolkata 2017-03-21 Sterling Book House 479.20   629.8 R1962 12136 2019-09-26   599.00 Books  
          IMU Kolkata IMU Kolkata 2017-03-21 Sterling Book House 479.20 2 629.8 R1962 12137 2023-11-24 2023-11-24 599.00 Books 2
          IMU Kolkata IMU Kolkata 2017-03-21 Sterling Book House 479.20 4 629.8 R1962 12138 2023-12-08 2023-11-23 599.00 Books  
          IMU Kolkata IMU Kolkata 2000-08-09 Jyoti, the Book People     629.8 R1962 09252 2020-02-07   225.00 Books  
Designed and Maintained by IMU-KC Library, Kolkata Campus © Copyright All Rights Reserved

webs counters

Powered by Koha